[Event "St Petersburg Korchnoi Memorial op"]
[Site "St Petersburg"]
[Date "2023.08.21"]
[Round "5"]
[White "Denisov, Matvey"]
[Black "Kalmachevskikh, Viktor"]
[Result "1/2-1/2"]
[WhiteElo "2016"]
[BlackElo "2239"]
[PlyCount "81"]
[EventDate "2023.08.18"]
[EventType "swiss"]
[EventRounds "9"]
[EventCountry "RUS"]
[SourceTitle "CBM 216 Extra"]
[Source "ChessBase"]
[SourceDate "2023.11.30"]
[SourceVersion "1"]
[SourceVersionDate "2023.11.30"]
[SourceQuality "1"]

1. d4 d5 2. Nf3 Nf6 3. g3 g6 4. Bg2 Bg7 5. 0-0 0-0 6. c4 c6 7. cxd5 cxd5 8. Nc3 Nc6 9. Ne5 Nd7 10. Bxd5 Ndxe5 11. dxe5 Nxe5 12. Qb3 Nc6 13. Be3 Nd4 14. Bxd4 Bxd4 15. Rfd1 Qb6 16. Qxb6 Bxb6 17. Rac1 Rb8 18. Na4 Bd8 19. Nc5 b6 20. Nd3 e6 21. Bf3 Bb7 22. Ne5 Bxf3 23. exf3 Ra8 24. Rd7 Bf6 25. f4 Bxe5 26. fxe5 Rfd8 27. Rcc7 Rxd7 28. Rxd7 b5 29. Kf1 a6 30. Ke2 Rc8 31. Kd3 Rc4 32. b3 Rc5 33. f4 a5 34. Ra7 Rd5+ 35. Kc2 b4 36. Rc7 Kg7 37. h4 h6 38. Rc4 g5 39. h5 g4 40. Rc7 Kf8 41. Rc8+ 1/2-1/2

[Event "RUS Cup U11 final"]
[Site "Bryansk"]
[Date "2019.01.07"]
[Round "4"]
[White "Akhmedov, David"]
[Black "Denisov, Matvey"]
[Result "1/2-1/2"]
[WhiteElo "1665"]
[BlackElo "1429"]
[PlyCount "230"]
[EventDate "2019.01.04"]
[EventType "swiss"]
[EventRounds "7"]
[EventCountry "RUS"]
[SourceTitle "EXT 2021"]
[Source "ChessBase"]
[SourceDate "2020.10.23"]
[SourceVersion "1"]
[SourceVersionDate "2020.10.23"]
[SourceQuality "1"]

1. e4 c5 2. Nf3 a6 3. g3 d6 4. Bg2 Nc6 5. 0-0 Nf6 6. d3 g6 7. c3 Bg7 8. Re1 e5 9. a3 0-0 10. b4 b6 11. Bb2 Bb7 12. Nbd2 Qe7 13. Qb3 Rab8 14. Rad1 Rfd8 15. d4 Ba8 16. a4 cxd4 17. cxd4 b5 18. a5 Rbc8 19. d5 Nb8 20. Rc1 Qb7 21. Bh3 Nbd7 22. Qe3 Rxc1 23. Rxc1 Rc8 24. Rc3 Rc7 25. g4 h6 26. Nb1 Rxc3 27. Nxc3 Qc7 28. Qd3 Nb8 29. Nd2 Nbd7 30. Nb3 Bf8 31. Bc1 Bg7 32. Be3 Bf8 33. f3 Bg7 34. Bf1 Bf8 35. h3 Bg7 36. Qd2 Kh7 37. Na1 Bf8 38. Nc2 Bg7 39. Na3 Bf8 40. Be2 Bb7 41. Nab1 Bg7 42. Bf2 Bf8 43. Qe3 Bc8 44. Qa7 Qxa7 45. Bxa7 Ne8 46. Na3 Nc7 47. Nc2 f6 48. Ne1 Be7 49. Nd3 Bf8 50. Kf2 Be7 51. Ke3 Kg7 52. Kd2 Kh7 53. Kc2 Kg8 54. Kb3 Kf7 55. Nd1 Kg7 56. Ne3 Bf8 57. h4 Kf7 58. h5 g5 59. Nf5 Ke8 60. Ne1 Kf7 61. Nc2 Ke8 62. Bd3 Kf7 63. Nce3 Ke8 64. Be2 Kf7 65. Kb2 Kg8 66. Bd1 Kh7 67. Bb3 Kh8 68. Ng2 Kh7 69. Ne1 Kh8 70. Nd3 Kh7 71. Nc1 Kh8 72. Nd3 Kh7 73. Ne1 Kh8 74. Ng2 Kh7 75. Kc3 Kh8 76. Bc2 Kh7 77. Nge3 Kh8 78. Bb3 Kh7 79. Nf1 Kh8 80. Nd2 Kh7 81. Bc2 Kh8 82. Bd3 Kh7 83. Kb3 Kh8 84. Ka3 Kh7 85. Nb3 Kh8 86. Nd2 Kh7 87. Nb1 Kh8 88. Nc3 Kh7 89. Nd1 Kh8 90. Nde3 Kh7 91. Nd1 Kh8 92. Nc3 Kh7 93. Nd1 Kh8 94. Nf2 Kh7 95. Nd1 Kh8 96. Nde3 Kh7 97. Nf1 Kh8 98. Nd2 Kh7 99. Nb1 Kh8 100. Nc3 Kh7 101. Nb1 Kh8 102. Nc3 Kh7 103. Nd1 Kh8 104. Nde3 Kh7 105. Nd1 Kh8 106. Nc3 Kh7 107. Nd1 Kh8 108. Nde3 Kh7 109. Nd1 Kh8 110. Nde3 Kh7 111. Ng2 Kh8 112. Nge3 Kh7 113. Nf1 Kh8 114. Nd2 Kh7 115. Nb3 Kh8 1/2-1/2

[Event "RUS Cup U11 final"]
[Site "Bryansk"]
[Date "2019.01.06"]
[Round "3"]
[White "Denisov, Matvey"]
[Black "Vafin, Tagir"]
[Result "1/2-1/2"]
[WhiteElo "1429"]
[BlackElo "1680"]
[PlyCount "193"]
[EventDate "2019.01.04"]
[EventType "swiss"]
[EventRounds "7"]
[EventCountry "RUS"]
[SourceTitle "EXT 2021"]
[Source "ChessBase"]
[SourceDate "2020.10.23"]
[SourceVersion "1"]
[SourceVersionDate "2020.10.23"]
[SourceQuality "1"]

1. c4 e5 2. Nc3 Nf6 3. g3 d5 4. cxd5 Nxd5 5. Bg2 Nb6 6. d3 Be7 7. Nf3 Nc6 8. 0-0 0-0 9. b3 Be6 10. Bb2 f6 11. Rc1 Qd7 12. Qc2 Rac8 13. Qb1 Nd4 14. Nxd4 exd4 15. Ne4 c5 16. Ba3 Qb5 17. Rc2 Nd5 18. Bb2 b6 19. Nd2 Qd7 20. Bxd5 Qxd5 21. Nf3 Bd6 22. Re1 Bg4 23. Qd1 Rfe8 24. Kg2 Re7 25. h3 Bd7 26. e4 dxe3 27. Rxe3 Rxe3 28. fxe3 Qe6 29. g4 Qxe3 30. Bc1 Qe6 31. Re2 Qd5 32. Qc2 Bc6 33. Qc4 Qxc4 34. dxc4 Re8 35. Rxe8+ Bxe8 36. Nh4 g6 37. Kf2 Bc6 38. Nf3 Kf7 39. Ke3 Ke6 40. Bb2 Bxf3 41. Kxf3 h5 42. gxh5 gxh5 43. Ke4 Be5 44. Bc1 f5+ 45. Kf3 Kf6 46. Bd2 a6 47. a4 Ke6 48. Be3 Kd6 49. Bd2 Kc6 50. Be3 b5 51. axb5+ axb5 52. Bd2 bxc4 53. bxc4 Kb6 54. Be3 Kc6 55. Bd2 Kd6 56. Ba5 Ke6 57. Bd2 Kf6 58. Be3 Bd4 59. Bf4 Bg1 60. Bd6 Bd4 61. Bf4 Bc3 62. Be3 Bb4 63. Kf4 Ba3 64. Bd2 Bb2 65. Be3 Be5+ 66. Kf3 Bd6 67. Bd2 Kg6 68. Be3 h4 69. Bd2 Kf6 70. Be3 Kg6 71. Bd2 Kh5 72. Be3 Kg6 73. Bd2 Bf8 74. Be3 Bd6 75. Bd2 Be7 76. Be3 Bf8 77. Bf2 Be7 78. Be3 Bd6 79. Bd2 Be5 80. Be3 Bd4 81. Bd2 Kf6 82. Be1 Kg5 83. Bd2+ Kg6 84. Be1 Bf6 85. Bf2 Be7 86. Be3 Bd6 87. Bd2 Kf6 88. Be3 Ke6 89. Bd2 Bg3 90. Bc3 Kd6 91. Bd2 Ke5 92. Bc3+ Ke6 93. Bd2 Kf6 94. Bc3+ Kg5 95. Bd2+ f4 96. Ke4 Bh2 97. Bc1 1/2-1/2

[Event "Wch U10 blitz"]
[Site "Minsk"]
[Date "2018.06.24"]
[Round "3"]
[White "Royal, Shreyas"]
[Black "Denisov, Matvey"]
[Result "1/2-1/2"]
[WhiteElo "1700"]
[BlackElo "1357"]
[PlyCount "143"]
[EventDate "2018.06.24"]
[EventType "swiss (blitz)"]
[EventRounds "9"]
[EventCountry "BLR"]
[SourceTitle "EXT 2019"]
[Source "ChessBase"]
[SourceDate "2018.10.10"]
[SourceVersion "1"]
[SourceVersionDate "2018.10.10"]
[SourceQuality "1"]

1. d4 Nf6 2. c4 c5 3. d5 b5 4. cxb5 a6 5. f3 d6 6. e4 g6 7. Nc3 Bg7 8. Nge2 0-0 9. Ng3 Qa5 10. Be3 axb5 11. Bxb5 Ba6 12. Qe2 Nfd7 13. 0-0 Bxc3 14. Bxa6 Nxa6 15. bxc3 Qxc3 16. Rfc1 Qa5 17. Bh6 Rfb8 18. f4 Nb4 19. a3 Na6 20. e5 dxe5 21. fxe5 Nb6 22. e6 f6 23. d6 c4 24. dxe7 Qc5+ 25. Kh1 Qxe7 26. Qe3 Nc5 27. Re1 Nd3 28. Rf1 Ne5 29. Ne4 f5 30. Ng5 Ng4 31. Qh3 Nxh6 32. Qxh6 Re8 33. Rf3 Ra7 34. Rh3 Qg7 35. Qxg7+ Rxg7 36. Re1 Rc8 37. e7 Re8 38. Rhe3 Nd5 39. Re5 Rgxe7 40. Rxe7 Rxe7 41. Rxe7 Nxe7 42. Kg1 Nd5 43. Kf1 c3 44. Ke2 Kf8 45. Kd3 Ke7 46. Nxh7 Nf4+ 47. Kxc3 Nxg2 48. Ng5 Nf4 49. a4 Kd7 50. Nf3 Ne6 51. Kb4 Kc7 52. a5 Kc6 53. Ne5+ Kb7 54. Nxg6 f4 55. Ne5 Ng5 56. h4 f3 57. Nxf3 Nxf3 58. h5 Ng5 59. Kb5 Nh7 60. h6 Nf6 61. a6+ Kc7 62. Kc5 Nh7 63. Kd5 Kb6 64. Ke6 Ng5+ 65. Kf5 Nh7 66. Kg6 Nf8+ 67. Kg7 Ne6+ 68. Kf6 Nf8 69. Ke7 Nh7 70. Kf7 Ng5+ 71. Kg6 Ne6 72. Kf7 1/2-1/2

[Event "Wch U10 rapid"]
[Site "Minsk"]
[Date "2018.06.23"]
[Round "9"]
[White "Denisov, Matvey"]
[Black "Tokmantsev, Ivan"]
[Result "0-1"]
[WhiteElo "1610"]
[BlackElo "1824"]
[PlyCount "58"]
[EventDate "2018.06.22"]
[EventType "swiss (rapid)"]
[EventRounds "9"]
[EventCountry "BLR"]
[SourceTitle "EXT 2019"]
[Source "ChessBase"]
[SourceDate "2018.10.10"]
[SourceVersion "1"]
[SourceVersionDate "2018.10.10"]
[SourceQuality "1"]

1. d4 Nf6 2. Nf3 c5 3. Bg5 cxd4 4. Nxd4 Nc6 5. c3 e5 6. Nf3 d5 7. Bxf6 gxf6 8. e3 Be6 9. Bb5 Qb6 10. Bxc6+ bxc6 11. Qc2 Rg8 12. g3 h5 13. 0-0 Bd6 14. Nbd2 f5 15. Nh4 f4 16. Qh7 Kd7 17. exf4 exf4 18. Kg2 Qxb2 19. Rfd1 fxg3 20. hxg3 Qxc3 21. Qxh5 Rxg3+ 22. fxg3 Qxg3+ 23. Kf1 Bh3+ 24. Ke2 Bg4+ 25. Qxg4+ Qxg4+ 26. Nhf3 Re8+ 27. Kd3 Qf5+ 28. Kc3 Re3+ 29. Kb2 Ba3# 0-1